Management peculiarities in the case of the Siberian Event Agency "Mandarin"; Journal of Economics and Social Sciences; № 6
| Parent link: | Journal of Economics and Social Sciences: electronic scientific journal.— , 2012-.— 2312-2978 № 6.— 2015.— [4 p.] |
|---|---|
| Автор: | |
| Співавтор: | |
| Інші автори: | |
| Резюме: | Title screen The article deals with management peculiarities in the case of the Siberian Event Agency. The role of management is very significant in the modern developing world, it is an independent professional activity designed to achieve the organization?s objectives. Initially management was focused on the success of the organization, rather than on creating the conditions for success. In this article the management features of event-company were described in terms of company "Mandarin" based in Yurga. There are a few event-market companies in Yurga. As a rule, these are small companies engaged in this business. Thus, the structure of a successful event-company is described to introduce the steps for getting profits. Роль менеджмента очень значима в современном мире, - это самостоятельный вид профессиональной деятельности, предназначенный для достижения целей организации. Менеджмент изначально ориентирован на успех организации, вернее на создание условий для успеха. В данной статье были рассмотрены особенности менеджмента event-предприятия города Юрги «Мандарин». Рынок event-предприятий в городе Юрге небольшой, компаниям, занимающимся этим делом, легко оставаться на плаву, если они не совершают недопустимых ошибок. Как развиваются предприятия на рынке event-индустрии? Какой должна быть структура успешного предприятия? Как продвигать свое дело? В статье есть подробные ответы на поставленные вопросы. |
| Мова: | Англійська |
| Опубліковано: |
2015
|
| Серія: | Экономические науки |
| Предмети: | |
| Онлайн доступ: | http://earchive.tpu.ru/handle/11683/21698 |
| Формат: | MixedMaterials Електронний ресурс Частина з книги |
| KOHA link: | https://koha.lib.tpu.ru/cgi-bin/koha/opac-detail.pl?biblionumber=544676 |
MARC
| LEADER | 00000naa2a2200000 4500 | ||
|---|---|---|---|
| 001 | 544676 | ||
| 005 | 20231225094043.0 | ||
| 035 | |a (RuTPU)RU\TPU\prd\236461 | ||
| 035 | |a RU\TPU\prd\236458 | ||
| 090 | |a 544676 | ||
| 100 | |a 20150515a2015 k y0rusy50 ba | ||
| 101 | 0 | |a eng | |
| 102 | |a RU | ||
| 135 | |a drcn ---uucaa | ||
| 181 | 0 | |a i | |
| 182 | 0 | |a b | |
| 200 | 1 | |a Management peculiarities in the case of the Siberian Event Agency "Mandarin" |f A. Kinzhagulova , Yu. A. Zeremskaya | |
| 203 | |a Text |c electronic | ||
| 215 | |a 1 файл (299 Кб) | ||
| 225 | 1 | |a Экономические науки | |
| 300 | |a Title screen | ||
| 320 | |a [References: 5 tit.] | ||
| 330 | |a The article deals with management peculiarities in the case of the Siberian Event Agency. The role of management is very significant in the modern developing world, it is an independent professional activity designed to achieve the organization?s objectives. Initially management was focused on the success of the organization, rather than on creating the conditions for success. In this article the management features of event-company were described in terms of company "Mandarin" based in Yurga. There are a few event-market companies in Yurga. As a rule, these are small companies engaged in this business. Thus, the structure of a successful event-company is described to introduce the steps for getting profits. | ||
| 330 | |a Роль менеджмента очень значима в современном мире, - это самостоятельный вид профессиональной деятельности, предназначенный для достижения целей организации. Менеджмент изначально ориентирован на успех организации, вернее на создание условий для успеха. В данной статье были рассмотрены особенности менеджмента event-предприятия города Юрги «Мандарин». Рынок event-предприятий в городе Юрге небольшой, компаниям, занимающимся этим делом, легко оставаться на плаву, если они не совершают недопустимых ошибок. Как развиваются предприятия на рынке event-индустрии? Какой должна быть структура успешного предприятия? Как продвигать свое дело? В статье есть подробные ответы на поставленные вопросы. | ||
| 453 | |a Кинжагулова, Алина | ||
| 461 | 1 | |0 (RuTPU)RU\TPU\prd\225573 |x 2312-2978 |t Journal of Economics and Social Sciences |o electronic scientific journal |d 2012- | |
| 463 | 1 | |0 (RuTPU)RU\TPU\prd\236334 |t № 6 |v [4 p.] |d 2015 | |
| 610 | 1 | |a electronic resource | |
| 610 | 1 | |a production | |
| 610 | 1 | |a technology | |
| 610 | 1 | |a school | |
| 610 | 1 | |a management | |
| 700 | 1 | |a Kinzhagulova |b A. |g Alina | |
| 701 | 1 | |a Zeremskaya |b Yu. A. |c linguist |c Associate Professor of Tomsk Polytechnic University, Candidate of philological sciences |f 1980- |g Yuliya Aleksandrovna |3 (RuTPU)RU\TPU\pers\31966 |9 16026 | |
| 712 | 0 | 2 | |a Национальный исследовательский Томский политехнический университет (ТПУ) |b Институт социально-гуманитарных технологий (ИСГТ) |b Кафедра иностранных языков (ИЯСГТ) |3 (RuTPU)RU\TPU\col\18376 |
| 801 | 1 | |a RU |b 63413507 |c 20090623 |g PSBO | |
| 801 | 2 | |a RU |b 63413507 |c 20160921 |g PSBO | |
| 856 | 4 | |u http://earchive.tpu.ru/handle/11683/21698 | |
| 942 | |c BK | ||